108 Ca khúc truyền thống hội - Đoàn - Đội

Guardado en:
Detalles Bibliográficos
Formato: Libro
Publicado: Tp. Hồ Chí Minh Âm nhạc 2006
Materias:
Etiquetas: Agregar Etiqueta
Sin Etiquetas, Sea el primero en etiquetar este registro!
Thư viện lưu trữ: Trung tâm Học liệu Lê Vũ Hùng, Trường Đại học Đồng Tháp
LEADER 00699pam a22002298a 4500
001 00039184
005 20171026081025.0
008 170518s2006 ||||||Viesd
041 0 # |a Vie 
082 1 4 |a 782.42  |b M458TR 
245 1 0 |a 108 Ca khúc truyền thống hội - Đoàn - Đội 
260 # # |a Tp. Hồ Chí Minh  |b Âm nhạc  |c 2006 
300 # # |a 192tr.  |c 27cm 
653 # # |a Truyền thống  |a Đoàn - Hội 
852 # # |b Kho mượn  |j KM.0021941 
852 # # |b Kho đọc  |j KD.0020893 
852 # # |j KM.0021941  |j KD.0020893 
910 |d 18/05/2017 
980 # # |a Trung tâm Học liệu Lê Vũ Hùng, Trường Đại học Đồng Tháp